| 000 | 00758nam a2200217 a 4500 | ||
|---|---|---|---|
| 001 | 62600 | ||
| 003 | BD-RjUL | ||
| 005 | 20211209081113.0 | ||
| 008 | 170124b1947 p ||||| |||| 001 0 eng d | ||
| 035 | _a(BD-RjUL)62726 | ||
| 040 |
_aBD-RjUL _beng _cBD-RjUL |
||
| 041 | _aeng | ||
| 082 |
_223 _a345.052 _bPRP 1947 |
||
| 100 | 1 |
_aPrem, Daulat Ram _9186097 |
|
| 245 | 1 | 0 |
_aPrem's Law & methods of police investigation : _bcontaining law relating to investigation of offences, methods of scientific investigation of crime, and illustrative cases bearing on the same / _cDaulat Ram Prem |
| 260 |
_aLahore : _bArora Law House, _c1947. |
||
| 300 |
_a479 p. ; _c25 cm. |
||
| 500 | _aIncludes index | ||
| 650 |
_aCriminal investigation. _9178343 |
||
| 942 |
_2ddc _cBK |
||
| 999 |
_c62600 _d62600 |
||